Statystyki dla Państwa,które są takie same w języku angielskim i polskim

Kliknij tutaj aby rozwiązać quiz!

Ogólne statystyki

  • Ten quiz został rozwiązany 221 razy
    (216 od ostatniego zresetowania)
  • Średni wynik to 25 z 63

Odpowiedzi na mapie

Odpowiedzi skodowane kolorowo w zielono-czerwonej skali na mapie do tego quizu, zgodnie z poniższymi procentami.
 

Statystyki odpowiedzi

Kraj% Poprawnych
Australia
78%
Chile
73%
Peru
68%
Iran
62%
Oman
60%
Niger
58%
Nigeria
55%
Panama
53%
Sudan
52%
Mali
51%
Haiti
50%
Austria
48%
Malta
47%
San Marino
47%
Mongolia
46%
Lesotho
45%
Somalia
45%
Angola
44%
Pakistan
44%
Ghana
43%
Nepal
43%
Senegal
43%
Laos
42%
Liechtenstein
41%
Togo
41%
Zimbabwe
41%
Armenia
39%
Estonia
39%
Honduras
39%
Sri Lanka
39%
Vanuatu
39%
Belize
38%
Bhutan
38%
Namibia
37%
Zambia
37%
Palau
36%
Serbia
36%
Albania
34%
Uganda
34%
Nauru
33%
Syria
33%
Tanzania
33%
Turkmenistan
33%
Uzbekistan
33%
Benin
32%
Botswana
32%
Eswatini
32%
Liberia
31%
Tuvalu
31%
Gambia
30%
Rwanda
30%
Sierra Leone
30%
Samoa
29%
Tonga
29%
Brunei
28%
Malawi
28%
Burundi
27%
Kiribati
27%
Mauritius
27%
Burkina Faso
26%
Saint Lucia
26%
Barbados
21%
Grenada
18%

Rozkład punktacji

Percentyl według liczby udzielonych odpowiedzi

Procent ludzi z każdym wynikiem

Twoja historia wyników

Nie rozwiązałeś tego quizu od ostatniego zresetowania